| 000 | 00840nam a2200277 i 4500 | ||
|---|---|---|---|
| 001 | bg | ||
| 100 | 1 | _aJog, Vijay. | |
| 245 | 1 | 0 |
_aZarządzanie finansami przedsiębiorstwa / _cVijay Jog, Cezary Suszyński. |
| 260 |
_aWarszawa : _bCentrum Informacji Menedżera : _bWarszawska Grupa Konsultingowa, _c2000. |
||
| 300 |
_a[8], VII, 211 s. : _bwykr. ; _c29 cm. |
||
| 500 | _aTekst częśc. tł. z ang. | ||
| 504 | _aBibliogr. | ||
| 650 | 9 |
_aZarządzanie _xgospodarka |
|
| 650 | 9 |
_aPrzedsiębiorstwo _xfinanse |
|
| 650 | 9 |
_aRachunek ekonomiczny _xmetody |
|
| 655 | _aPodręczniki akademickie | ||
| 700 | 1 | _aSuszyński, Cezary. | |
| 020 | _a8386210990 | ||
| 040 | _cBPK | ||
| 041 | 0 |
_apol _heng |
|
| 080 | _a658.14/.17 | ||
| 080 | _a(075.8) | ||
| 920 | _a83-86210-99-0 | ||
| 942 | _cKS | ||
| 008 | 070511s2000 pl f |000 0 pol | ||
| 999 |
_c53485 _d53485 |
||
| 856 |
_uhttp://koha.tu.koszalin.pl/cgi-bin/koha/opac-detail.pl?biblionumber=53485 _yKatalog online BPK |
||